000 00641nam a2200217Ia 4500
001 7385
003 GE_BSU
008 181216s||||||||xx |||||||||||||| ||und||
040 _cGE_BSU
080 _a663.9(075.32)
100 _aДжомарджидзе,Г.С.
245 _aОборудование чайных фабрик.
245 _bУчебник.
245 _cРед. Е.Ф.Маслова.
260 _aМ.
260 _bПищепромиздат.
260 _c1954.
300 _a279стр. 22 см. с илл. библиогр.:стр.275.
653 _aОборудование чайных фабрик.
942 _cBK
999 _c40746
_d40746